[Event "GRE-chT 41st"]
[Site "Achaia"]
[Date "2013.07.05"]
[Round "5.5"]
[White "Seretaki, Konstantina"]
[Black "Tsarouha, Marianthi"]
[Result "0-1"]
[WhiteElo "1736"]
[BlackElo "1833"]
[PlyCount "62"]
[EventDate "2013.07.02"]
[EventType "team-swiss"]
[EventRounds "7"]
[EventCountry "GRE"]
[SourceTitle "CBM 155 Extra"]
[Source "ChessBase"]
[SourceDate "2013.08.26"]
[SourceVersion "1"]
[SourceVersionDate "2013.08.26"]
[SourceQuality "1"]
[WhiteTeam "Filadelfia CN"]
[BlackTeam "Chania ADA"]
[WhiteTeamCountry "GRE"]
[BlackTeamCountry "GRE"]

1. e4 c5 2. Nc3 Nc6 3. f4 e6 4. Nf3 g6 5. Bc4 Bg7 6. e5 d5 7. exd6 Qxd6 8. d3 b6 9. 0-0 Nge7 10. Ne4 Qc7 11. Nfg5 0-0 12. Qe1 Nd4 13. Nxh7 Kxh7 14. Qh4+ Kg8 15. Ng5 Rd8 16. c3 Ne2+ 17. Kh1 Nxc1 18. Raxc1 Nf5 19. Qh7+ Kf8 20. Rce1 Qc6 21. Qh3 b5 22. Bb3 Ke7 23. Ne4 Bb7 24. Bc2 Rh8 25. Qg4 Rh5 26. Bd1 Rah8 27. h3 Rh4 28. Qf3 Bh6 29. Kg1 Bxf4 30. g4 Rxh3 31. Qxf4 Rg3+ 0-1

[Event "GRE-chT 41st"]
[Site "Achaia"]
[Date "2013.07.03"]
[Round "3.5"]
[White "Voiska, Margarita"]
[Black "Tsarouha, Marianthi"]
[Result "1-0"]
[WhiteElo "2237"]
[BlackElo "1833"]
[PlyCount "69"]
[EventDate "2013.07.02"]
[EventType "team-swiss"]
[EventRounds "7"]
[EventCountry "GRE"]
[SourceTitle "CBM 155 Extra"]
[Source "ChessBase"]
[SourceDate "2013.08.26"]
[SourceVersion "1"]
[SourceVersionDate "2013.08.26"]
[SourceQuality "1"]
[WhiteTeam "Peiraikos PG"]
[BlackTeam "Chania ADA"]
[WhiteTeamCountry "GRE"]
[BlackTeamCountry "GRE"]

1. d4 d5 2. c4 c6 3. cxd5 cxd5 4. Bf4 Nc6 5. Nc3 Nf6 6. e3 e6 7. Bd3 Bb4 8. Nge2 0-0 9. 0-0 a6 10. Rc1 Re8 11. Qb3 Nh5 12. Bg3 Nxg3 13. hxg3 Bd6 14. a3 Bd7 15. Qc2 h6 16. b4 Rc8 17. Qb3 Qe7 18. Na4 b5 19. Nc5 Bxc5 20. Rxc5 Nb8 21. Bb1 Bc6 22. Rfc1 Qd6 23. Qc2 Kf8 24. Nf4 Bb7 25. Qh7 Rxc5 26. bxc5 Qd8 27. Qh8+ Ke7 28. Qxg7 Kd7 29. Qxf7+ Re7 30. Qf6 Nc6 31. Ng6 Re8 32. Qg7+ Kc8 33. Ne5 Na5 34. c6 Ba8 35. Qd7+ 1-0

[Event "GRE-ch U20 Girls"]
[Site "Chania"]
[Date "2013.01.06"]
[Round "5"]
[White "Androni, Konstantina"]
[Black "Tsarouha, Marianthi"]
[Result "1-0"]
[WhiteElo "1912"]
[BlackElo "1829"]
[PlyCount "91"]
[EventDate "2013.01.02"]
[EventType "tourn"]
[EventRounds "7"]
[EventCountry "GRE"]
[SourceTitle "EXT 2024"]
[Source "ChessBase"]
[SourceDate "2023.10.10"]
[SourceVersion "1"]
[SourceVersionDate "2023.10.10"]
[SourceQuality "1"]

1. d4 d5 2. c4 c6 3. cxd5 cxd5 4. Nc3 Nf6 5. Bf4 Qb6 6. Qd2 Nc6 7. e3 e6 8. a3 a6 9. Bd3 Bd7 10. h3 Na5 11. Qe2 Rc8 12. Nf3 Nb3 13. Rb1 Qa5 14. 0-0 Bxa3 15. Qd1 Bxb2 16. Rxb2 Rxc3 17. Rxb3 b5 18. Qd2 b4 19. Rfb1 Bb5 20. Bxb5+ axb5 21. Rxb4 Ne4 22. Qb2 0-0 23. Rxb5 Qa4 24. Rb8 Rc2 25. Rxf8+ Kxf8 26. Qb8+ Qe8 27. Qxe8+ Kxe8 28. Ng5 h6 29. Nxe4 dxe4 30. Rb8+ Ke7 31. Rb7+ Kf6 32. g4 Rc8 33. Rb5 g5 34. Bg3 Rd8 35. Re5 Kg6 36. Rxe4 h5 37. Re5 hxg4 38. hxg4 Rd7 39. Rc5 Rb7 40. Kg2 Rb4 41. Rc2 Rb3 42. Rd2 f5 43. gxf5+ Kxf5 44. Rc2 Rd3 45. Rc5+ Kg6 46. Kf3 1-0

[Event "GRE-ch U20 Girls"]
[Site "Chania"]
[Date "2013.01.04"]
[Round "3"]
[White "Fragaki, Maria"]
[Black "Tsarouha, Marianthi"]
[Result "1-0"]
[WhiteElo "1946"]
[BlackElo "1829"]
[PlyCount "111"]
[EventDate "2013.01.02"]
[EventType "tourn"]
[EventRounds "7"]
[EventCountry "GRE"]
[SourceTitle "EXT 2024"]
[Source "ChessBase"]
[SourceDate "2023.10.10"]
[SourceVersion "1"]
[SourceVersionDate "2023.10.10"]
[SourceQuality "1"]

1. e4 c5 2. Nf3 d6 3. d4 cxd4 4. Nxd4 Nf6 5. Nc3 g6 6. Be3 Bg7 7. f3 0-0 8. Qd2 Nc6 9. Bc4 Bd7 10. 0-0-0 Rc8 11. Bb3 Nxd4 12. Bxd4 b5 13. g4 a5 14. a3 Qc7 15. g5 Nh5 16. Nd5 Qd8 17. Bb6 Qe8 18. Bxa5 Bc6 19. Nf4 Nxf4 20. Qxf4 b4 21. Bxb4 Ba4 22. Bxa4 Qxa4 23. c3 Rc4 24. Qd2 Rfc8 25. Qc2 Qa6 26. h4 Be5 27. Kb1 Ra8 28. Qd3 Qc6 29. Qd5 Qa6 30. f4 Bg7 31. h5 Rb8 32. Rh3 Qa4 33. Rd2 Qb3 34. Qd3 Rbc8 35. Rc2 Qa4 36. h6 Bh8 37. Rd2 R4c6 38. e5 Qa8 39. exd6 exd6 40. f5 Be5 41. fxg6 hxg6 42. Qd5 Qa7 43. h7+ Kh8 44. Re2 Qg1+ 45. Ka2 Qg4 46. Bxd6 Bxd6 47. Qxc6 Qxh3 48. Re8+ Rxe8 49. Qxe8+ Kxh7 50. Qxf7+ Kh8 51. Qf6+ Kh7 52. Qxd6 Qf5 53. Qe7+ Kg8 54. c4 Qd3 55. Qc5 Qc2 56. Qd5+ 1-0

[Event "Paleochora op 5th"]
[Site "Paleochora"]
[Date "2012.07.16"]
[Round "1"]
[White "Tsarouha, Marianthi"]
[Black "Kuljasevic, Davorin"]
[Result "0-1"]
[WhiteElo "1811"]
[BlackElo "2564"]
[PlyCount "64"]
[EventDate "2012.07.16"]
[EventType "swiss"]
[EventRounds "9"]
[EventCountry "GRE"]
[SourceTitle "CBM 149 Extra"]
[Source "ChessBase"]
[SourceDate "2012.08.24"]
[SourceVersion "1"]
[SourceVersionDate "2012.08.24"]
[SourceQuality "1"]

1. d4 Nf6 2. c4 e6 3. Nc3 Bb4 4. Bg5 h6 5. Bh4 c5 6. e3 cxd4 7. exd4 b6 8. a3 Bxc3+ 9. bxc3 Nc6 10. Nf3 Ba6 11. Bd3 Na5 12. Qe2 Rc8 13. Nd2 d5 14. cxd5 Bxd3 15. Qxd3 Qxd5 16. 0-0 Nd7 17. Rac1 Nc4 18. Nxc4 Rxc4 19. Rfe1 0-0 20. Qd1 Rfc8 21. Re3 Qxd4 22. Rd3 Qxh4 23. Rxd7 Rxc3 24. Rxc3 Rxc3 25. Rxa7 Qc4 26. Qd8+ Kh7 27. g3 Rc1+ 28. Kg2 Qf1+ 29. Kf3 Rc3+ 30. Kg4 f5+ 31. Kf4 Qxf2+ 32. Ke5 Qe3+ 0-1

[Event "GRE-chT 40th"]
[Site "Achaia"]
[Date "2012.06.30"]
[Round "1.5"]
[White "Tsarouha, Marianthi"]
[Black "Androni, Konstantina"]
[Result "1-0"]
[WhiteElo "1811"]
[BlackElo "1910"]
[PlyCount "139"]
[EventDate "2012.06.30"]
[EventType "team-swiss"]
[EventRounds "7"]
[EventCountry "GRE"]
[SourceTitle "CBM 149 Extra"]
[Source "ChessBase"]
[SourceDate "2012.08.24"]
[SourceVersion "1"]
[SourceVersionDate "2012.08.24"]
[SourceQuality "1"]
[WhiteTeam "Chania ADA"]
[BlackTeam "Koropiou"]
[WhiteTeamCountry "GRE"]
[BlackTeamCountry "GRE"]

1. d4 Nf6 2. c4 e6 3. Nc3 Bb4 4. Qc2 c5 5. Nf3 0-0 6. Bg5 cxd4 7. Nxd4 Nc6 8. e3 d5 9. cxd5 Nxd4 10. exd4 exd5 11. Be2 h6 12. Bh4 Qb6 13. 0-0 Qxd4 14. Bxf6 Qxf6 15. Nxd5 Qd6 16. Rfd1 Ba5 17. Rac1 Qe5 18. Bf3 Rb8 19. Qc5 Bd8 20. Qxa7 Be6 21. Re1 Qd6 22. Rcd1 Bxd5 23. Bxd5 Bb6 24. Qa4 Qf6 25. Re2 Ra8 26. Qb3 Rae8 27. Bxf7+ Qxf7 28. Rxe8 Bxf2+ 29. Kf1 Rxe8 30. Qxf7+ Kxf7 31. Kxf2 Re7 32. Rd6 Rc7 33. Kf3 Ke7 34. Rg6 Kf7 35. Rb6 Re7 36. Kf4 Kf8 37. g4 Kf7 38. h3 Kf8 39. a4 Ke8 40. Rd6 Kf7 41. b4 Ke8 42. a5 Rc7 43. Kf5 Ke7 44. Rb6 Kd7 45. h4 Kc8 46. Kg6 Rc4 47. Kh5 Rd4 48. g5 hxg5 49. hxg5 Rd7 50. Kg6 Re7 51. Kh7 Re5 52. Kg6 Re7 53. Kf5 Kc7 54. b5 Rf7+ 55. Ke5 Re7+ 56. Kd5 Rf7 57. Re6 Rd7+ 58. Ke5 Kb8 59. b6 Rd8 60. Re7 g6 61. Rg7 Kc8 62. Rxg6 Rd1 63. Rd6 Re1+ 64. Kf6 Rf1+ 65. Kg7 Rf5 66. g6 Rxa5 67. Kg8 Rg5 68. g7 Rg1 69. Rf6 Kd7 70. Kf8 1-0

[Event "GRE-chT 39th"]
[Site "Eretria"]
[Date "2011.07.07"]
[Round "6.7"]
[White "Tsarouha, Marianthi"]
[Black "Fragaki, Maria"]
[Result "0-1"]
[WhiteElo "1799"]
[BlackElo "1927"]
[PlyCount "74"]
[EventDate "2011.07.03"]
[EventType "team-swiss"]
[EventRounds "7"]
[EventCountry "GRE"]
[SourceTitle "CBM 143 Extra"]
[Source "ChessBase"]
[SourceDate "2011.08.29"]
[SourceVersion "1"]
[SourceVersionDate "2011.08.29"]
[SourceQuality "1"]
[WhiteTeam "Chania Chess Academy"]
[BlackTeam "Chania Kydon"]
[WhiteTeamCountry "GRE"]
[BlackTeamCountry "GRE"]

1. d4 Nf6 2. Nf3 e6 3. c4 b6 4. g3 Bb7 5. Bg2 c5 6. 0-0 cxd4 7. Nxd4 Bxg2 8. Kxg2 a6 9. Nc3 Qc7 10. Qd3 Nc6 11. b3 Rc8 12. Bb2 Ne5 13. Qd2 Bb4 14. Rac1 Qb7+ 15. Kg1 h5 16. Qe3 Neg4 17. Qg5 Be7 18. h3 Ne4 19. Nxe4 Qxe4 20. Qxg7 Bf6 21. Nb5 Bxg7 22. Nd6+ Ke7 23. Nxe4 Bxb2 24. Rc2 Nxf2 25. Kxf2 Be5 26. Rd2 Rhg8 27. Rd3 f5 28. Nc3 b5 29. Rfd1 d6 30. Re3 bxc4 31. Na4 c3 32. Nb6 c2 33. Rc1 Bb2 34. Nc4 Bxc1 35. Rc3 d5 36. Rxc2 dxc4 37. Rxc1 cxb3 0-1

[Event "GRE-chT 39th"]
[Site "Eretria"]
[Date "2011.07.04"]
[Round "2.4"]
[White "Terzidaki, Alexandra"]
[Black "Tsarouha, Marianthi"]
[Result "0-1"]
[WhiteElo "1938"]
[BlackElo "1799"]
[PlyCount "90"]
[EventDate "2011.07.03"]
[EventType "team-swiss"]
[EventRounds "7"]
[EventCountry "GRE"]
[SourceTitle "CBM 143 Extra"]
[Source "ChessBase"]
[SourceDate "2011.08.29"]
[SourceVersion "1"]
[SourceVersionDate "2011.08.29"]
[SourceQuality "1"]
[WhiteTeam "Panionios"]
[BlackTeam "Chania Chess Academy"]
[WhiteTeamCountry "GRE"]
[BlackTeamCountry "GRE"]

1. e4 c5 2. Nf3 e6 3. d4 cxd4 4. Nxd4 a6 5. Bd3 Qb6 6. Nb3 Qc7 7. 0-0 Nf6 8. f4 d6 9. c4 Nc6 10. Nc3 Be7 11. Be3 0-0 12. Qf3 Bd7 13. Rae1 Rac8 14. c5 Nb4 15. cxd6 Bxd6 16. Bb1 e5 17. f5 a5 18. Bg5 Qb6+ 19. Kh1 Be7 20. a3 Na6 21. Bxf6 Bxf6 22. Nd5 Qd8 23. Nxf6+ Qxf6 24. Nxa5 Bb5 25. Rf2 b6 26. Nb3 Rfd8 27. Rd2 Rxd2 28. Nxd2 Qg5 29. Qf2 Nc5 30. Nf3 Qf6 31. Qg3 Bd3 32. Nd2 Rd8 33. b4 Bxb1 34. Nxb1 Nd3 35. Rf1 Nf4 36. h3 Rd3 37. Qf2 Qg5 38. Kh2 h5 39. Re1 h4 40. Rg1 Kh7 41. a4 Rg3 42. Nd2 Nd3 43. Qe2 Qf4 44. Rf1 Rxh3+ 45. Kxh3 Qg3# 0-1

[Event "GRE-ch U18 Girls"]
[Site "Peristeri"]
[Date "2011.01.06"]
[Round "6"]
[White "Vatkali, Dimitra"]
[Black "Tsarouha, Marianthi"]
[Result "0-1"]
[WhiteElo "1970"]
[BlackElo "1771"]
[PlyCount "208"]
[EventDate "2011.01.03"]
[EventType "swiss"]
[EventRounds "9"]
[EventCountry "GRE"]
[SourceTitle "CBM 140 Extra"]
[Source "ChessBase"]
[SourceDate "2011.03.01"]
[SourceVersion "1"]
[SourceVersionDate "2011.03.01"]
[SourceQuality "1"]

1. e4 c5 2. b3 Nc6 3. Bb2 b6 4. Nf3 Bb7 5. d4 cxd4 6. Nxd4 Nf6 7. Nc3 e6 8. Nxc6 Bxc6 9. e5 Ne4 10. Nxe4 Bxe4 11. Qd2 Rc8 12. c3 Bc5 13. Ba6 Rc7 14. 0-0 Qh4 15. Qe2 Ba8 16. Kh1 0-0 17. Bd3 Be7 18. f4 f5 19. Rad1 Kh8 20. Bb5 Rd8 21. Qf2 Qh6 22. Be2 Bh4 23. Qe3 g5 24. fxg5 Bxg5 25. Qd3 Bf4 26. Rxf4 Qxf4 27. Qd4 Qxd4 28. Rxd4 Rc5 29. c4 Kg8 30. Rd3 Be4 31. Rd2 Kg7 32. Kg1 Rcc8 33. Ba3 Bc6 34. Kf2 Rg8 35. g3 Kg6 36. Ke3 h5 37. h4 Kh6 38. Kf4 Rg7 39. b4 a6 40. c5 b5 41. Rd1 Bd5 42. Bf3 Bxf3 43. Kxf3 Rcg8 44. Bc1+ Kh7 45. Bf4 Ra8 46. Bd2 Ra7 47. Kf2 Rc7 48. Rc1 Rg4 49. Bf4 Rg8 50. Kf3 Rgc8 51. Be3 Kg6 52. Kf4 Rg8 53. Kf3 Kf7 54. Rc3 Rg4 55. Bf4 Ra7 56. Ra3 Ke8 57. Ra5 Kd8 58. Ke3 Kc7 59. Kd3 Kc6 60. Kd4 Kb7 61. Ke3 Ra8 62. Ra3 Rag8 63. Kf3 Ka7 64. Rd3 R4g7 65. Bg5 Rc8 66. Be3 Kb7 67. Bh6 Rh7 68. Be3 a5 69. bxa5 Ka6 70. Rb3 Kxa5 71. Bd2+ Ka6 72. Bb4 Rg7 73. Rd3 Rcg8 74. Be1 Ra8 75. Rd6+ Kb7 76. Rb6+ Kc7 77. Rxb5 Ra3+ 78. Rb3 Rxa2 79. Bf2 Rg4 80. Rd3 Raa4 81. Be3 Rge4 82. Rb3 Rab4 83. Ra3 Kb7 84. Rd3 Kc6 85. Rd6+ Kc7 86. Rd3 Rxe5 87. Bf4 Rxf4+ 88. Kxf4 Rxc5 89. Kg5 f4+ 90. Kxf4 Rf5+ 91. Ke3 d5 92. Ra3 Kd6 93. Ra8 Ke5 94. Rd8 Rf1 95. Ke2 Rf7 96. Rh8 Rf5 97. Rd8 d4 98. Ra8 Ke4 99. Ra3 e5 100. Rb3 Rf8 101. Ra3 Rb8 102. Kf1 Rb2 103. Kg1 d3 104. Kf1 Ke3 0-1

[Event "World ol U16 09th"]
[Site "Burdur"]
[Date "2010.11.29"]
[Round "4"]
[White "Roberts, Marcel Jude"]
[Black "Tsarouha, Marianthi"]
[Result "1-0"]
[WhiteElo "1834"]
[BlackElo "1771"]
[PlyCount "65"]
[EventDate "2010.11.27"]
[EventType "team-swiss"]
[EventRounds "10"]
[EventCountry "TUR"]
[SourceTitle "CBM 139 Extra"]
[Source "ChessBase"]
[SourceDate "2011.01.05"]
[SourceVersion "1"]
[SourceVersionDate "2011.01.05"]
[SourceQuality "1"]
[WhiteTeam "South Africa"]
[BlackTeam "Greece"]
[WhiteTeamCountry "RSA"]
[BlackTeamCountry "GRE"]

1. e4 c5 2. Nf3 e6 3. d4 cxd4 4. Nxd4 Nf6 5. Nc3 d6 6. Be2 a6 7. 0-0 Qc7 8. f4 Nbd7 9. Kh1 b5 10. Bf3 Bb7 11. a3 Rd8 12. Re1 Ba8 13. g4 h6 14. Qe2 Nb6 15. g5 hxg5 16. fxg5 Nfd7 17. Bh5 Ke7 18. Rf1 Ne5 19. Nf3 Nbd7 20. Nxe5 Nxe5 21. Bf4 g6 22. Bxe5 dxe5 23. Qf3 Ke8 24. Bxg6 fxg6 25. Qf6 Qh7 26. Qxe6+ Be7 27. Rf2 Qg7 28. Raf1 Qh7 29. Qxa6 Rb8 30. Qe6 Rd8 31. Qxe5 Bc6 32. Rf7 Qxf7 33. Qxh8+ 1-0

[Event "GRE-chT Div-A 38th"]
[Site "Peristeri"]
[Date "2010.07.09"]
[Round "5"]
[White "Schut, Lisa"]
[Black "Tsarouha, Marianthi"]
[Result "1-0"]
[WhiteElo "2286"]
[BlackElo "1764"]
[PlyCount "121"]
[EventDate "2010.07.05"]
[EventType "team-swiss"]
[EventRounds "7"]
[EventCountry "GRE"]
[SourceTitle "CBM 137 Extra"]
[Source "ChessBase"]
[SourceDate "2010.09.01"]
[SourceVersion "1"]
[SourceVersionDate "2010.09.01"]
[SourceQuality "1"]

1. e4 c5 2. Nf3 e6 3. d4 cxd4 4. Nxd4 a6 5. c4 d6 6. Nc3 Nf6 7. Be2 Be7 8. 0-0 Qc7 9. Be3 0-0 10. Qd2 b6 11. f3 Bb7 12. Rfc1 Nbd7 13. b4 Rac8 14. Bf1 Qb8 15. Rab1 Rfd8 16. Kh1 Qa8 17. Na4 d5 18. exd5 exd5 19. Nf5 Bf8 20. Nxb6 Nxb6 21. Bxb6 Rd7 22. c5 d4 23. Nxd4 Nd5 24. Ba5 Be7 25. Nf5 Bf8 26. Ne3 h6 27. Bc4 Be7 28. c6 Bxc6 29. Bxd5 Bg5 30. Bxc6 Rxd2 31. Bxa8 Rxa8 32. Re1 Rxa2 33. Nd5 Rc8 34. Ne7+ Bxe7 35. Rxe7 Rcc2 36. Rg1 Rc6 37. Rc7 Re6 38. Rb7 Rb2 39. Bc7 Kf8 40. Rd1 Kg8 41. Rb6 Rxb6 42. Bxb6 Rxb4 43. Bg1 Ra4 44. h3 Kf8 45. Rd7 Ke8 46. Ra7 Ra1 47. Kh2 g6 48. Bc5 Ra5 49. Re7+ Kf8 50. Re5+ Kg8 51. Bd4 Rxe5 52. Bxe5 a5 53. Kg3 a4 54. Kf4 a3 55. Ba1 a2 56. Ke5 Kg7 57. Kd6+ Kh7 58. Ke7 f5 59. Kf6 f4 60. Ke5 g5 61. Kf5 1-0

[Event "GRE-ch U16 Girls"]
[Site "Kallithea"]
[Date "2010.07.02"]
[Round "7"]
[White "Tsarouha, Marianthi"]
[Black "Terzidaki, Alexandra"]
[Result "1/2-1/2"]
[WhiteElo "1764"]
[BlackElo "1844"]
[PlyCount "101"]
[EventDate "2010.06.26"]
[EventType "swiss"]
[EventRounds "7"]
[EventCountry "GRE"]
[SourceTitle "EXT 2011"]
[Source "ChessBase"]
[SourceDate "2010.11.26"]
[SourceVersion "1"]
[SourceVersionDate "2010.11.26"]
[SourceQuality "1"]

1. d4 e6 2. c4 Nf6 3. Nc3 Bb4 4. g3 c5 5. Nf3 Ne4 6. Qc2 cxd4 7. Nxd4 Qa5 8. Bd2 Nxc3 9. Bxc3 Bxc3+ 10. Qxc3 Qxc3+ 11. bxc3 Nc6 12. c5 d5 13. cxd6 Nxd4 14. cxd4 Kd7 15. Bg2 Kxd6 16. Kd2 Rb8 17. Rhc1 Bd7 18. e4 Ba4 19. e5+ Kd7 20. Rab1 b5 21. Bc6+ Ke7 22. Ke3 Rhc8 23. d5 exd5 24. Bxd5 a6 25. f4 a5 26. Bc6 Rc7 27. Bd5 Rbc8 28. Rxc7+ Rxc7 29. Kd4 Rc2 30. h3 b4 31. g4 Rh2 32. Bb3 Bd7 33. Kc5 Rxh3 34. Bd5 Bxg4 35. Kb5 Ra3 36. Rc1 Bd7+ 37. Kb6 a4 38. Rc7 Rc3 39. Rb7 Kd8 40. Bxf7 Rc6+ 41. Ka5 b3 42. axb3 a3 43. b4 Rc7 44. Rxc7 Kxc7 45. b5 h5 46. Kb4 h4 47. Kxa3 Bxb5 48. Be6 Bd7 49. Bd5 Bc6 50. Be6 Bd7 51. Bd5 1/2-1/2

[Event "GRE-ch U16 Girls"]
[Site "Kallithea"]
[Date "2010.07.01"]
[Round "6"]
[White "Tsarouha, Marianthi"]
[Black "Skaraki, Antigoni"]
[Result "1-0"]
[WhiteElo "1764"]
[BlackElo "1737"]
[PlyCount "85"]
[EventDate "2010.06.26"]
[EventType "swiss"]
[EventRounds "7"]
[EventCountry "GRE"]
[SourceTitle "EXT 2011"]
[Source "ChessBase"]
[SourceDate "2010.11.26"]
[SourceVersion "1"]
[SourceVersionDate "2010.11.26"]
[SourceQuality "1"]

1. d4 Nf6 2. c4 g6 3. Nc3 Bg7 4. e4 d6 5. f4 0-0 6. Nf3 c5 7. d5 e6 8. Be2 exd5 9. cxd5 Re8 10. Nd2 a6 11. a4 b6 12. 0-0 Qe7 13. Kh1 Nbd7 14. Bf3 Rb8 15. Nc4 h5 16. h3 Nh7 17. e5 dxe5 18. d6 Qd8 19. Bd5 Rf8 20. fxe5 Nxe5 21. Nxe5 Bxe5 22. Bxf7+ Kg7 23. Qd2 Qxd6 24. Qh6+ Kh8 25. Bf4 Bf5 26. Bxg6 Bxg6 27. Bxe5+ Qxe5 28. Qxg6 Rxf1+ 29. Rxf1 Rg8 30. Qxb6 Qg7 31. Qc6 Ng5 32. Qxc5 Qg6 33. Qd4+ Kh7 34. Qd5 Rg7 35. Ne2 Qb6 36. Nf4 Qf6 37. Qd3+ Kh6 38. Nxh5 Qxb2 39. Nxg7 Qxg7 40. Qxa6+ Kh7 41. Qd3+ Kg8 42. a5 Nh7 43. Qd8+ 1-0

[Event "GRE-ch U16 Girls"]
[Site "Kallithea"]
[Date "2010.06.28"]
[Round "3"]
[White "Tsarouha, Marianthi"]
[Black "Barbageorgopoulou, Fani"]
[Result "0-1"]
[WhiteElo "1764"]
[BlackElo "1879"]
[PlyCount "98"]
[EventDate "2010.06.26"]
[EventType "swiss"]
[EventRounds "7"]
[EventCountry "GRE"]
[SourceTitle "EXT 2011"]
[Source "ChessBase"]
[SourceDate "2010.11.26"]
[SourceVersion "1"]
[SourceVersionDate "2010.11.26"]
[SourceQuality "1"]

1. d4 Nf6 2. c4 c5 3. Nf3 cxd4 4. Nxd4 e5 5. Nc2 d5 6. cxd5 Bc5 7. Nc3 Bf5 8. Ne3 Bg6 9. g3 Qb6 10. Qb3 Nbd7 11. Bg2 Qxb3 12. axb3 Bb4 13. 0-0 Nc5 14. Nb5 0-0 15. Rd1 a6 16. Nc3 Nxb3 17. Ra4 a5 18. d6 Rab8 19. Ncd5 b5 20. Ne7+ Kh8 21. Ra2 Bb1 22. Nc6 Bxa2 23. Nxb8 Rxb8 24. d7 Nxd7 25. Nc2 Nxc1 26. Nxb4 Nxe2+ 27. Kf1 axb4 28. Kxe2 Nb6 29. Ra1 Bc4+ 30. Ke3 Rd8 31. Be4 g6 32. g4 Nd5+ 33. Kf3 Nb6 34. Rb1 b3 35. Ke3 Nd5+ 36. Kf3 Nb4 37. Ke3 Nc2+ 38. Kf3 Rd6 39. g5 Ra6 40. h3 f5 41. gxf6 Rxf6+ 42. Kg3 Rd6 43. h4 Rd2 44. Kf3 Nd4+ 45. Kg3 Bd3 46. Bxd3 Rxd3+ 47. Kg4 Rf3 48. Rf1 h5+ 49. Kg5 Kg7 0-1

[Event "EU School-ch U17 Girls"]
[Site "Thessaloniki"]
[Date "2010.04.06"]
[Round "3"]
[White "Tsarouha, Marianthi"]
[Black "Sotiriadou, Ioanna"]
[Result "1-0"]
[WhiteElo "1774"]
[BlackElo "1621"]
[PlyCount "57"]
[EventDate "2010.04.05"]
[EventType "swiss"]
[EventRounds "9"]
[EventCountry "GRE"]
[SourceTitle "CBM 136 Extra"]
[Source "ChessBase"]
[SourceDate "2010.07.02"]
[SourceVersion "2"]
[SourceVersionDate "2010.07.15"]
[SourceQuality "1"]

1. d4 d6 2. c4 e5 3. Nf3 e4 4. Ng5 f5 5. Nh3 g6 6. Nc3 Bg7 7. g3 Ne7 8. Bg2 d5 9. cxd5 Nxd5 10. Qb3 c6 11. e3 Na6 12. a3 Nac7 13. 0-0 Rb8 14. f3 Be6 15. Qd1 exf3 16. Bxf3 0-0 17. Bg2 Qd7 18. Kh1 Rbe8 19. Qf3 Nxc3 20. bxc3 Bd5 21. Qf2 Bxg2+ 22. Kxg2 Nd5 23. Bd2 Qe7 24. Rfe1 Qe4+ 25. Kg1 Bh6 26. Nf4 Bxf4 27. gxf4 Qd3 28. Rac1 Re4 29. c4 1-0

[Event "EU School-ch U17 Girls"]
[Site "Thessaloniki"]
[Date "2010.04.05"]
[Round "1"]
[White "Tsarouha, Marianthi"]
[Black "Kazimova, Narmin Nizami Qizi"]
[Result "0-1"]
[WhiteElo "1774"]
[BlackElo "2212"]
[PlyCount "176"]
[EventDate "2010.04.05"]
[EventType "swiss"]
[EventRounds "9"]
[EventCountry "GRE"]
[SourceTitle "CBM 136 Extra"]
[Source "ChessBase"]
[SourceDate "2010.07.02"]
[SourceVersion "2"]
[SourceVersionDate "2010.07.15"]
[SourceQuality "1"]

1. d4 Nf6 2. c4 e6 3. Nc3 Bb4 4. g3 c5 5. Nf3 cxd4 6. Nxd4 0-0 7. Bg2 d5 8. Qd3 Nc6 9. cxd5 Nxd5 10. 0-0 Ne5 11. Qc2 Nxc3 12. bxc3 Be7 13. Rd1 Qc7 14. Bf4 a6 15. Rab1 Bd6 16. Be4 h6 17. h4 Rb8 18. a4 Bd7 19. Qb3 Rfd8 20. Bg2 Qa5 21. Ra1 Rdc8 22. Rdc1 Rc7 23. c4 Rbc8 24. c5 Rxc5 25. Rxc5 Qxc5 26. Be3 Ng4 27. Nxe6 Qe5 28. Nd4 Nxe3 29. Qxe3 Qf6 30. Bxb7 Re8 31. Qd2 Be5 32. e3 Bh3 33. Bg2 Bxg2 34. Kxg2 Rd8 35. Qb4 Bxd4 36. exd4 Rxd4 37. Qb8+ Rd8 38. Qb1 Rd2 39. Qe1 Rxf2+ 40. Qxf2 Qxa1 41. Qc2 Qf6 42. a5 Qe6 43. Kh2 f5 44. Qd2 Kh7 45. Qc2 Qd5 46. Qc3 Qa2+ 47. Kh3 Qe2 48. Qb4 Qf1+ 49. Kh2 Qf2+ 50. Kh3 Qg1 51. Qb7 Qe1 52. Qd5 Qf1+ 53. Kh2 Qe2+ 54. Kh3 Qg4+ 55. Kh2 Qe4 56. Qd2 Qf3 57. Qc2 Qd5 58. Qc3 Kg6 59. Qb4 Kh5 60. Qc3 g6 61. Qe3 Qe4 62. Qd2 Qf3 63. Qc2 Qf1 64. Qd2 Qf3 65. Qc2 f4 66. Qc5+ g5 67. gxf4 Qxf4+ 68. Kg2 Kxh4 69. Qb6 Qg3+ 70. Kf1 Qd3+ 71. Kg2 Qe2+ 72. Kg1 h5 73. Kh1 Qf1+ 74. Kh2 Qe2+ 75. Kh1 Qf3+ 76. Kh2 Qg4 77. Kh1 Qe4+ 78. Kh2 Qe5+ 79. Kh1 Qd5+ 80. Kh2 Qd2+ 81. Kh1 Qd3 82. Qf2+ Kg4 83. Qg2+ Kf5 84. Qf2+ Ke4 85. Qe1+ Kd5 86. Qg3 Qe4+ 87. Kg1 Qg4 88. Kh1 Qh4+ 0-1

[Event "GRE-ch U18 Girls"]
[Site "Peristeri"]
[Date "2010.01.06"]
[Round "6"]
[White "Tsarouha, Marianthi"]
[Black "Fragaki, Maria"]
[Result "1-0"]
[WhiteElo "1763"]
[BlackElo "1904"]
[PlyCount "59"]
[EventDate "2010.01.03"]
[EventType "swiss"]
[EventRounds "9"]
[EventCountry "GRE"]
[SourceTitle "EXT 2011"]
[Source "ChessBase"]
[SourceDate "2010.11.26"]
[SourceVersion "1"]
[SourceVersionDate "2010.11.26"]
[SourceQuality "1"]

1. d4 Nf6 2. c4 d6 3. Nc3 g6 4. e4 Bg7 5. f4 0-0 6. Nf3 c6 7. Bd3 Bg4 8. 0-0 e5 9. fxe5 dxe5 10. d5 cxd5 11. cxd5 Ne8 12. Be3 Nd7 13. Qb3 Nd6 14. Nb5 Nxb5 15. Qxb5 b6 16. h3 Bxf3 17. Rxf3 Qe7 18. Rc1 Rac8 19. Rc6 Nb8 20. d6 Qd7 21. Rxc8 Qxc8 22. Bc4 Qd8 23. Qd5 Qd7 24. Bg5 Kh8 25. Rxf7 Rxf7 26. Qxf7 Qxf7 27. Bxf7 Bf8 28. Bf6+ Bg7 29. Be7 Nd7 30. Be8 1-0

[Event "Wch U16 Girls"]
[Site "Kemer"]
[Date "2009.11.21"]
[Round "10"]
[White "Anker, Christin"]
[Black "Tsarouha, Marianthi"]
[Result "1-0"]
[WhiteElo "1888"]
[BlackElo "1796"]
[PlyCount "75"]
[EventDate "2009.11.12"]
[EventType "swiss"]
[EventRounds "11"]
[EventCountry "TUR"]
[SourceTitle "EXT 2010"]
[Source "ChessBase"]
[SourceDate "2010.11.25"]
[SourceVersion "1"]
[SourceVersionDate "2010.11.25"]
[SourceQuality "1"]

1. e4 c5 2. Nf3 e6 3. d4 cxd4 4. Nxd4 Nf6 5. Nc3 d6 6. g3 b6 7. Bg2 Bb7 8. 0-0 Na6 9. Re1 Rb8 10. Qe2 Nc7 11. a4 Be7 12. e5 dxe5 13. Nc6 Bxc6 14. Bxc6+ Kf8 15. Qxe5 Qd6 16. Qxd6 Bxd6 17. Nb5 Nxb5 18. axb5 h5 19. Rxa7 h4 20. Bg5 hxg3 21. hxg3 Rh5 22. Bxf6 gxf6 23. Rd1 Bc5 24. Kg2 Kg7 25. c3 Rbh8 26. Rd2 Rh2+ 27. Kf1 Kg6 28. b4 Be3 29. Re2 Bg5 30. Ra6 Rb8 31. c4 f5 32. c5 f4 33. Kg1 fxg3 34. Bg2 Kf6 35. fxg3 bxc5 36. bxc5 Rbh8 37. Rc2 Be3+ 38. Kf1 1-0

[Event "Wch U16 Girls"]
[Site "Kemer"]
[Date "2009.11.13"]
[Round "3"]
[White "Edes, Zsofia"]
[Black "Tsarouha, Marianthi"]
[Result "1-0"]
[WhiteElo "1959"]
[BlackElo "1796"]
[PlyCount "21"]
[EventDate "2009.11.12"]
[EventType "swiss"]
[EventRounds "11"]
[EventCountry "TUR"]
[SourceTitle "EXT 2010"]
[Source "ChessBase"]
[SourceDate "2010.11.25"]
[SourceVersion "1"]
[SourceVersionDate "2010.11.25"]
[SourceQuality "1"]

1. d4 d5 2. c4 e6 3. Nc3 c5 4. e3 Nf6 5. a3 Nc6 6. Nf3 a6 7. dxc5 Bxc5 8. b4 Be7 9. Qa4 0-0 10. b5 e5 11. Qb4 1-0